000 00821nam a22002537a 4500
001 9949
003 FISKH
005 20260319093914.0
008 260319b cb ||||| |||| 00| 0 eng d
020 _a9781617418709
040 _aFISKH
_beng
_cFISKH
_dFISKH
050 _aPC4445 .R4218
082 _a428.1
100 _aReasoner, Charles
_eAuthor
245 _aFirst words! :
_bBaby talk /
_cBy Charles Reasoner
260 _aGuangdong :
_bRourke Educational Media ,
_c2011
300 _a6 unnumbered pages :
_bcolor illustrations ;
_c14 cm
505 _aNP
520 _aBrimming with bright colors, playful illustrations and photographs, and simple text, this book is the perfect first book for young minds.
521 8 _aNP
_bLexile
650 _aBoard book
_vChildren
942 _2ddc
_cBK
_n0
999 _c9949
_d9949